| 000 | 00474 a2200169 4500 | ||
|---|---|---|---|
| 003 | Nust | ||
| 005 | 20230131191343.0 | ||
| 040 | _cNust | ||
| 082 | _a940.5,MAN | ||
| 100 |
_aErich avaon mansten _9108323 |
||
| 245 | _aLost Victories / | ||
| 260 |
_aLondon _bMethuan and company _c1958 |
||
| 300 | _a575 | ||
| 505 | _aThe Campaign Un Poland (Page-21), The Campaign In The West (Page-67), War In The East (Page-175). | ||
| 650 |
_aLost Victories _9108324 |
||
| 942 |
_2ddc _cBK |
||
| 999 |
_c187096 _d187096 |
||